00695nam a2200241 a 4500001001300000003000900013005001700022008004100039020000900080082001700089100002800106245003400134260003100168300000900199500003500208505001300243650003000256700002800286902000800314942000700322952010900329999001500438nice12345678IN_TiNIC20260116012341.0050524s1974 seca grp 000 0 eng  ac3000a340.59bABD5 aAbdul Khadeer, Mohammad aIjma and Legislation in Islam aSecunderabadbAuthorc1974 a146p aincludes index and biblioraphy2 aArticles aIslamic-Law Jurisprudence1 aAbdul Khadeer, Mohammad bSRS cBK 00104070aHMIbHMId2007-05-01g30.00l3o340.59 ABD5p010200r2017-07-27s2017-06-19w2026-01-16yEB c6662d6662